Zgadnij polskiego rapera po okładce albumu - Statystyki

Ogólne statystyki
  • Ten quiz został rozwiązany 315 razy
  • Średni wynik to 8 z 15
Statystyki odpowiedzi
Obrazkowy Odpowiedź % Poprawnych
Żabson
91%
Jan-rapowanie
85%
Guzior
83%
Kali
69%
Paluch
62%
Quebonafide
54%
Pezet
53%
Kabe
50%
PlanBe
49%
ReTo
49%
Słoń
48%
Borixon
37%
Sobota
36%
Tymek
28%
Beteo
27%
Nie znaleziono quizów pasujących do podanych kryteriów
Rozkład punktacji
Procent ludzi z każdym wynikiem
Percentyl według liczby udzielonych odpowiedzi
Twoja historia wyników
Nie rozwiązałeś tego quizu